Normal view
MARC view
Entry Topical Term
001 - CONTROL NUMBER
- control field: 25009
003 - CONTROL NUMBER IDENTIFIER
- control field: ARRUPE
005 - DATE AND TIME OF LATEST TRANSACTION
- control field: 20160812124144.0
008 - FIXED-LENGTH DATA ELEMENTS
- fixed length control field: 160812|| aca||aabn | a|a d
040 ## - CATALOGING SOURCE
- Original cataloging agency: ARRUPE
- Transcribing agency: ARRUPE
150 ## - HEADING--TOPICAL TERM
- Topical term or geographic name as entry element: Contract labor
- General subdivision: Social aspects
- Geographic subdivision: Namibia
- General subdivision: History.
670 ## - SOURCE DATA FOUND
- Source citation: Work cat.: (ARRUPE)0: Hishongwa, Ndeutala Selma, 1952- 25008, The contract labour system and its effects on family and social life in Namibia :, 1992.